Central Library OPAC University of Rajshahi

খেলা ধুলার আইন-কানুন = (The Rules of Sports & Games) / (Record no. 65625)

MARC details
000 -LEADER
fixed length control field 00856nam a22002297a 4500
001 - CONTROL NUMBER
control field 65625
003 - CONTROL NUMBER IDENTIFIER
rucl marc code BD-RjUL
005 - DATE AND TIME OF LATEST TRANSACTION
control field 20211209081439.0
008 - FIXED-LENGTH DATA ELEMENTS--GENERAL INFORMATION
fixed length control field 170308s1965 bg a|||| |||| 00| 0 ben d
020 ## - INTERNATIONAL STANDARD BOOK NUMBER
Terms of availability : TK. 8.00
035 ## - SYSTEM CONTROL NUMBER
System control number (BD-RjUL)65755
040 ## - CATALOGING SOURCE
Original cataloging agency BD-RjUL
Language of cataloging ben
Transcribing agency BD-RjUL
Modifying agency BD-RjUL
041 ## - LANGUAGE CODE
Language code of text/sound track or separate title ben
082 ## - DEWEY DECIMAL CLASSIFICATION NUMBER
Edition number 23
Classification number 344.099
Author mark and year ALK 1965
100 ## - MAIN ENTRY--PERSONAL NAME
Personal name আলীম, কাজী আবদুল
9 (RLIN) 170488
245 ## - TITLE STATEMENT
Title খেলা ধুলার আইন-কানুন = (The Rules of Sports & Games) /
Statement of responsibility, etc. কাজী আবদুল আলীম
260 ## - PUBLICATION, DISTRIBUTION, ETC. (IMPRINT)
Place of publication, distribution, etc. ঢাকা :
Name of publisher, distributor, etc. স্পোর্টস পাবলিকেশান্স,
Date of publication, distribution, etc. ১৯৬৫.
300 ## - PHYSICAL DESCRIPTION
Pagination ৫০৭ পৃ. :
Illustrations চিত্র ;
Size ২৩ সেমি.
650 ## - SUBJECT ADDED ENTRY--TOPICAL TERM
Topical term or geographic name as entry element ক্রিড়া আইন
9 (RLIN) 194121
Topical term or geographic name as entry element Sports law
9 (RLIN) 194122
942 ## - ADDED ENTRY ELEMENTS (KOHA)
Source of classification or shelving scheme Dewey Decimal Classification
Koha item type Books
Holdings
Lost status Source of classification or shelving scheme Damaged status Not for loan Collection code Permanent Location Current Location Shelving location Date acquired Source of acquisition Cost, normal purchase price Total Checkouts Full call number Date last seen Copy number Koha item type
  Dewey Decimal Classification   Not For Loan Non-fiction Central Library, University of Rajshahi Central Library, University of Rajshahi Reading Room 25/01/1967 Purehased 8.00   B 344.099 ALK 1965 08/03/2017 C-1 Books